10 Worst Natural Disasters In History - Statistics

General Stats
  • This quiz has been taken 98 times
  • The average score is 8 of 10
Answer Stats
Country Deaths Disasters % Correct
China 655K 1976 Tangshan Earthquake
94%
China 273K 1920 Haiyuan Earthquake
91%
Haiti 316K 2010 Haiti Earthquake
91%
Byzantine Empire 300K 526 Antioch Earthquake
91%
Seljuk Empire (Azerbaijan) 300K 1139 Ganja Earthquake
90%
China 2M 1887 Yellow River Flood
77%
China 4M 1931 China Floods
75%
East Pakistan (Bangladesh) 500K 1970 Bhola Cyclone
65%
India 300K 1737 Calcutta Cyclone
64%
India 300K 1839 Coringa Cyclone
62%
No matching quizzes found
Score Distribution
Percent of People with Each Score
Percentile by Number Answered
Your Score History
You have not taken this quiz